Представление документа в формате RUSMARC

ПолеНазваниеЗначение
  Тип записи i
  Библиографический уровень m
001 Контрольный номер RU/IS/BASE/319803442
005 Дата корректировки 20231212103557.6
010 Индекс ISBN __
d Цена 260-00
101 Язык документа 0_
a Язык текста rus
c Язык оригинала rus
200 Заглавие и сведения об ответственности 1_
a Заглавие Красный смех ; Иуда Искариот
f Первые сведения об ответственности Леонид Андреев ; читает Геннадий Смирнов
b Общее обозначение материала Звукозапись
210 Выходные данные 1_
a Место издания М.
c Издательство Аудиокнига
d Дата издания 2008
215 Физическое описание __
a Объем 1 электрон. опт. диск (Audio CD) (5 ч.)
225 Серия 2_
a Серия Школьная библиотека
300 Общие примечания __
a Общие примечания AudioCD ; CD-плеер с поддержкой MP3 ; Pentium-233 ; Windows 9x-XP ; CD-ROM ; звуковая карта
323 Примечание о главных создателях, исполнителях, участниках __
a Примечание о главных создателях, исполнителях, участниках Смирнов, Г. (читает)
327 Примечание о содержании 0_
a Примечание о содержании Иуда Искариот
330 Аннотация __
a Аннотация В новелле "Красный смех" писатель рисует ужасы войны, ему удается очень ясно и коротко объяснить всю ее чудовищную нелепость. "Иуда Искариот" - одно из величайших произведений русской и мировой литературы. Вы помните, кто предал Христа? Представьте на секунду, что Иуда из Кариота - хороший человек. И даже не просто хороший, а более того - первый среди лучших, самый хороший, ближайший к Христу. Задумайтесь…
333 Примечание о целевом назначении __
a Примечание о целевом назначении 16+. Для детей старше 16 лет
517 Другие варианты заглавия 1_
a Другие варианты заглавия Иуда Искариот
606 Тематические рубрики __
a Основная рубрика Художественная литература
606 Тематические рубрики __
a Основная рубрика Русская литература XIX в. (произведения)
610 Ключевые слова 0_
a Ключевые слова новеллы; повести; тема войны; тема религии; тема жизни; тема человека; тема веры; тема смерти; тема смысла жизни
686 Индексы других классификаций __
a Классификационный индекс 84(2=411.2)53-4я04; ст84(2Рос=Рус)1-4я04
700 Автор _1
a Фамилия Андреев
b Имя Л. Н.
f Даты 1871-1919
g Полное личное имя Леонид Николаевич
4 Код отношения 070
801 Источник записи _0
a Страна RU
b Организация Муниципальное бюджетное учреждение культуры "Централизованная библиотечная система" г. Сургут (Центральная городская библиотека им. А. С. Пушкина)
g Правила каталогизации КиК/Поспелова
801 Источник записи _1
a Страна RU
b Организация Муниципальное бюджетное учреждение культуры "Централизованная библиотечная система" г. Сургут (Центральная городская библиотека им. А. С. Пушкина)
g Правила каталогизации КиК/Поспелова
852 Данные о местонахождении __
j Шифр хранения 84(2=411.2)53-4я04
c Каталожный индекс 84(2Рос=Рус)1-4я04
i Авторский знак А 65
901 Тип документа __
t Тип документа 0
903 Характеристики (МАРС) __
a Дата передачи 20100224
969 Тип издания __
a Тип издания аудиокнига; сборник
990 Данные о заказе (DOS) __
j Количество экземпляров (DOS) 4
h N записи в КСУ для Б/У (DOS) 201003